Central Library OPAC University of Rajshahi

From knowledge to Practice : (Record no. 83045)

MARC details
000 -LEADER
fixed length control field 00949nam a2200241 a 4500
001 - CONTROL NUMBER
RUCL Control Number 83045
003 - CONTROL NUMBER IDENTIFIER
rucl marc code BD-RjUL
005 - DATE AND TIME OF LATEST TRANSACTION
control field 20240211164416.0
008 - FIXED-LENGTH DATA ELEMENTS--GENERAL INFORMATION
fixed length control field 240211s2020 bg a|||| m||| 00| 0 eng d
035 ## - SYSTEM CONTROL NUMBER
system control number (BD-RjUL)83045
040 ## - CATALOGING SOURCE
Original cataloging agency BD-RjUL
Language of cataloging eng
Transcribing agency BD-RjUL
Modifying agency BD-RjUL
041 ## - LANGUAGE CODE
Language code of Book eng
082 ## - DEWEY DECIMAL CLASSIFICATION NUMBER
DDC Edition number 23
Classification number 370.71
Author mark and Year UDF 2020
100 ## - MAIN ENTRY--PERSONAL NAME
Personal name Uddin, Md. Ikhtiar
9 (RLIN) 11644
245 10 - TITLE STATEMENT
Title From knowledge to Practice :
Remainder of title The Current Status of Disaster Rick Reduction Education in Coastal Bangladesh /
Statement of responsibility, etc Md. Ikhtiar Uddin
Name of Supervisor/Co-Supervisor Supervisor : Md. Rabiul Islam
260 ## - PUBLICATION, DISTRIBUTION, ETC. (IMPRINT)
Place of publication, distribution, etc Rajshahi :
Name of publisher, distributor, etc Institute of Education and Research,University of Rajshahi
Date of publication, distribution, etc 2020
300 ## - PHYSICAL DESCRIPTION
Pagination ii, xii, 89 leaves :
Other physical details ill.;
Dimensions 29 cm.
502 ## - DISSERTATION NOTE
Dissertation note Thesis(M.Phil.)-- Institute of Education and Research,University of Rajshahi,2020
504 ## - BIBLIOGRAPHY, ETC. NOTE
Bibliography, etc References : Leaves 78-82
650 ## - SUBJECT ADDED ENTRY--TOPICAL TERM
Topical term or geographic name as entry element Education
General subdivision knowledge
Geographic subdivision Bangladesh
9 (RLIN) 11645
700 ## - ADDED ENTRY--SUPERVISOR/CO-SUPERVISOR NAME
Personal name Islam, Md. Rabiul, Supervisor
9 (RLIN) 1454
942 ## - ADDED ENTRY ELEMENTS (KOHA)
Source of classification or shelving scheme Dewey Decimal Classification
Koha item type Theses
Holdings
Source of classification or shelving scheme Damaged status Not for loan Collection code Permanent Location Current Location Shelving location Date of accession Source of acquisition Total Checkouts Full call number Barcode Date last seen Copy number Thesis
Dewey Decimal Classification   Not For Loan Theses Central Library, University of Rajshahi Central Library, University of Rajshahi Documentation Section 13/02/2023 Controller of Exam. R.U.   THE 370.71 UDF 2020 D4637 11/02/2024 C-1 Theses